000 00400nam a2200145Ia 4500
008 200924s9999 xx 000 0 und d
020 _a978-981-4773-87-4
100 _aStewart, James
245 _cJames Stewart
_aCalculus:
_binternational metric version/
250 _a8th ed.
260 _aSingapore:
_bCENGAGE
_c2018
300 _axxx, A145
_c25 cm.
650 _aCalculus
650 _aMathematics
999 _c364456
_d364456